Wszystkie grywalne postacie w Tekken 6 - Statystyki

Ogólne statystyki
  • Ten quiz został rozwiązany 6 razy
  • Średni wynik to 20 z 41
Statystyki odpowiedzi
Odpowiedź % Poprawnych
Jin Kazama
100%
Kazuya Mishima
100%
Lars Alexandersson
100%
Jack 6
75%
Marshall Law
75%
Mokujin
75%
Yoshimitsu
75%
Zafina
75%
Alisa Bosconovitch
50%
Anna Williams
50%
Armor King II
50%
Asuka Kazama
50%
Craig Marduk
50%
Devil Jin
50%
Feng Wei
50%
Ganryu
50%
Heihachi Mishima
50%
King II
50%
Kuma II
50%
Lee Chaolan
50%
Lei Wulong
50%
Leo Kliesen
50%
Ling Xiaoyu
50%
Nina Williams
50%
Panda
50%
Paul Phoenix
50%
Roger Jr
50%
Steve Fox
50%
Wang Jinrei
50%
Baek Doo San
25%
Bob
25%
Bruce Irvin
25%
Bryan Fury
25%
Christe Monteiro
25%
Eddy Gordo
25%
Hwoarang
25%
Julia Chang
25%
Lili de Rochefort
25%
Miguel Caballero Rojo
25%
Raven
25%
Sergei Dragunov
25%
Nie znaleziono quizów pasujących do podanych kryteriów
Rozkład punktacji
Procent ludzi z każdym wynikiem
Percentyl według liczby udzielonych odpowiedzi
Twoja historia wyników
Nie rozwiązałeś tego quizu